000 00443nam a22001817a 4500
003 MPLRDC
005 20220105061156.0
008 210129b ||||| |||| 00| 0 eng d
020 _a957-08-0563-3
082 _a909.1 GOM
100 _aE. H. GOMBRICH
245 _a艺术的故事
_c雨云 译
250 _a增订三版四刷
260 _a台湾
_b联经
_c1991
300 _b
650 _a世界艺术史
942 _cBK
_o909.1 GOM
999 _c69946
_d69936